| 000 | 00903cam a2200277 i 4500 | ||
|---|---|---|---|
| 999 |
_c200447862 _d66074 |
||
| 003 | TR-AnTOB | ||
| 005 | 20221214133423.0 | ||
| 007 | ta | ||
| 008 | 041228s2004 tu 000 0 tur d | ||
| 040 |
_aTR-AnTOB _beng _erda _cTR-AnTOB |
||
| 041 | 0 | _atur | |
| 050 | 4 |
_aKKX522 _b.S29 2004 |
|
| 090 |
_aKKX522 _b.S29 2004 |
||
| 245 | 0 | 0 | _a5231 sayılı dernekler kanunu ve vakıflar kanunu tasarısı taslağı. |
| 264 | 1 |
_aAnkara : _bT.C. Başbakanlık, _c2004 |
|
| 300 |
_a151 pages; _c24 cm |
||
| 336 |
_atext _btxt _2rdacontent |
||
| 337 |
_aunmediated _bn _2rdamedia |
||
| 338 |
_avolume _bnc _2rdacarrier |
||
| 490 | 0 |
_aKamu yönetiminde yeniden yapılanma ; _v6 |
|
| 650 | 7 |
_aDernekler, kurumlar vb. _xHukuk ve mevzuat _zTürkiye _2etuturkob _973165 |
|
| 650 | 7 |
_aHayır işleri ve vakıflar _zTürkiye _2etuturkob _917516 |
|
| 942 |
_2lcc _cBK |
||